[Event "4NCL Division 1 & 2"]
[Site "Daventry, ENG"]
[Date "2022.04.30"]
[Round "7.11"]
[White "Pert, Nicholas"]
[Black "Haria, Ravi"]
[Result "0-1"]
[WhiteElo "2538"]
[BlackElo "2501"]
[PlyCount "78"]
[EventDate "2022.04.30"]
[WhiteTeam "Cheddleton"]
[BlackTeam "Wood Green"]

1. d4 e6 2. c4 Nf6 3. Nf3 d5 4. Nc3 Bb4 5. Qa4+ Nc6 6. e3 O-O 7. Bd2 Re8 8. a3
Bf8 9. Be2 h6 10. Rd1 dxc4 11. e4 Bd7 12. Qxc4 e5 13. Nxe5 Nxe5 14. dxe5 Be6
15. Qb5 Nd7 16. Be3 Qc8 17. f4 c6 18. Qd3 Qc7 19. Bf2 Nc5 20. Qg3 Bb3 21. Rc1
Rad8 22. Qe3 Rd7 23. O-O Red8 24. Bh4 Re8 25. Kh1 a5 26. Nb1 Qb6 27. Bf2 Ba2
28. Bg4 Rdd8 29. Rxc5 Bxc5 30. Qxc5 Qxb2 31. Nc3 Be6 32. f5 b6 33. Qxc6 Bd7 34.
Qc7 Qd2 35. Nd5 Bb5 36. Be3 Qd3 37. Re1 Qxe4 38. Bf3 Qxe5 39. Nc3 Qxc7 0-1

[Event "4NCL Division 1 & 2"]
[Site "Daventry, ENG"]
[Date "2022.04.30"]
[Round "7.12"]
[White "Tan, Justin"]
[Black "Kirk, Ezra"]
[Result "0-1"]
[WhiteElo "2532"]
[BlackElo "2443"]
[PlyCount "60"]
[EventDate "2022.04.30"]
[WhiteTeam "Wood Green"]
[BlackTeam "Cheddleton"]

1. e4 e5 2. Nf3 Nc6 3. Bb5 a6 4. Ba4 d6 5. O-O Bd7 6. c4 g6 7. d4 Bg7 8. Be3
exd4 9. Nxd4 Nge7 10. Nc3 Ne5 11. Bb3 O-O 12. h3 c5 13. Nde2 Be6 14. Nd5 Bxd5
15. cxd5 b5 16. Qd2 f5 17. f3 a5 18. Bh6 Bxh6 19. Qxh6 c4 20. Bc2 Qb6+ 21. Kh1
fxe4 22. Bxe4 Nf5 23. Bxf5 Rxf5 24. Ng3 Rff8 25. Ne4 Nd3 26. Ng5 Qb7 27. f4 Rf5
28. Ne6 Rh5 29. Qg5 Rxg5 30. fxg5 Qxd5 0-1

[Event "4NCL Division 1 & 2"]
[Site "Daventry, ENG"]
[Date "2022.04.30"]
[Round "7.13"]
[White "Pert, Richard G"]
[Black "Speelman, Jon S"]
[Result "1/2-1/2"]
[WhiteElo "2415"]
[BlackElo "2503"]
[PlyCount "55"]
[EventDate "2022.04.30"]
[WhiteTeam "Cheddleton"]
[BlackTeam "Wood Green"]

1. e4 c6 2. d4 d5 3. e5 Bf5 4. Nd2 e6 5. Nb3 Nd7 6. Nf3 Ne7 7. Be2 Nc8 8. O-O
Be7 9. a4 O-O 10. a5 a6 11. Be3 Na7 12. c3 Nb5 13. h3 Bg6 14. Qd2 Qc7 15. Bg5
Bxg5 16. Qxg5 c5 17. dxc5 Nxc5 18. Nxc5 Qxc5 19. Qd2 Qc7 20. Qe3 Na7 21. Nd4
Nc6 22. Nxc6 bxc6 23. b4 c5 24. bxc5 Rfc8 25. c4 dxc4 26. Rfc1 Qxc5 27. Rxc4
Qxe3 28. Rxc8+ 1/2-1/2

[Event "4NCL Division 1 & 2"]
[Site "Daventry, ENG"]
[Date "2022.04.30"]
[Round "7.14"]
[White "Toma, Katarzyna"]
[Black "Arkell, Keith C"]
[Result "0-1"]
[WhiteElo "2438"]
[BlackElo "2383"]
[PlyCount "80"]
[EventDate "2022.04.30"]
[WhiteTeam "Wood Green"]
[BlackTeam "Cheddleton"]

1. e4 c6 2. Nc3 d5 3. Nf3 Bg4 4. h3 Bxf3 5. Qxf3 dxe4 6. Nxe4 Nd7 7. d4 Ndf6 8.
c3 Nxe4 9. Qxe4 Nf6 10. Qd3 e6 11. Be2 Be7 12. O-O O-O 13. Bf4 Nd5 14. Bg3 Bd6
15. Rfe1 Bxg3 16. Qxg3 Qf6 17. Rad1 Rfd8 18. Bf1 Rd7 19. Re4 Rad8 20. Rd3 Qh6
21. Rd1 g6 22. Qf3 Qg7 23. Rde1 Qf6 24. Qg3 b5 25. Qd3 a6 26. a4 Qe7 27. Ra1
Nf6 28. Re5 c5 29. axb5 axb5 30. Qf3 cxd4 31. Bxb5 Rd5 32. cxd4 Rxd4 33. b3 Kg7
34. Bc4 Nd7 35. Re4 Qd6 36. Rxd4 Qxd4 37. Rd1 Ne5 38. Rxd4 Nxf3+ 39. gxf3 Rxd4
40. Kf1 Kf6 0-1

[Event "4NCL Division 1 & 2"]
[Site "Daventry, ENG"]
[Date "2022.04.30"]
[Round "7.15"]
[White "Astaneh Lopez, Alex"]
[Black "Harvey, Marcus R"]
[Result "1/2-1/2"]
[WhiteElo "2430"]
[BlackElo "2455"]
[PlyCount "33"]
[EventDate "2022.04.30"]
[WhiteTeam "Cheddleton"]
[BlackTeam "Wood Green"]

1. d4 Nf6 2. Nf3 e6 3. c4 b6 4. Nc3 Bb7 5. a3 d5 6. Bg5 Be7 7. Bxf6 Bxf6 8.
cxd5 exd5 9. g3 O-O 10. Bg2 Re8 11. O-O c5 12. e3 Na6 13. Qa4 Rc8 14. Rfd1 cxd4
15. exd4 Re7 16. Re1 Qe8 17. Qb3 1/2-1/2

[Event "4NCL Division 1 & 2"]
[Site "Daventry, ENG"]
[Date "2022.04.30"]
[Round "7.16"]
[White "Czopor, Maciej"]
[Black "Eggleston, David J"]
[Result "1/2-1/2"]
[WhiteElo "2425"]
[BlackElo "2312"]
[PlyCount "130"]
[EventDate "2022.04.30"]
[WhiteTeam "Wood Green"]
[BlackTeam "Cheddleton"]

1. e4 e6 2. d4 d5 3. e5 c5 4. c3 Nc6 5. Nf3 Qb6 6. Bd3 cxd4 7. O-O Bd7 8. Re1
Nge7 9. h4 a6 10. Nbd2 dxc3 11. bxc3 Nf5 12. Rb1 Qc7 13. Nb3 Rd8 14. h5 Be7 15.
Bf4 b5 16. Qd2 Qb6 17. g4 Nh4 18. Nxh4 Bxh4 19. Bg5 Bxg5 20. Qxg5 g6 21. Qh6
Ke7 22. Qg5+ Ke8 23. Re3 Rc8 24. Rf3 Qd8 25. Qf4 Qe7 26. h6 Rf8 27. Re1 Qh4 28.
Kg2 Qe7 29. Nd2 Na5 30. Nf1 Rxc3 31. Bxb5 Rxf3 32. Bxd7+ Kxd7 33. Qxf3 Rb8 34.
Ne3 Nc6 35. Rc1 Nxe5 36. Qf4 Qd6 37. Qf6 d4 38. Rd1 Rb2 39. Kh3 Kc7 40. f4 Re2
41. Rc1+ Kd7 42. fxe5 Rxe3+ 43. Kh4 Rxe5 44. Qxf7+ Qe7+ 45. Qxe7+ Kxe7 46. Rc7+
Kf6 47. Rxh7 g5+ 48. Kg3 Kg6 49. Rd7 Kxh6 50. Rxd4 Kg6 51. Kf3 Kf6 52. Ra4 a5
53. Rc4 Ke7 54. Rc6 Kd7 55. Ra6 Rc5 56. Ke4 Ke7 57. Ra8 Kf7 58. Kd4 Rd5+ 59.
Ke4 Rb5 60. a3 Kg7 61. Re8 Kf7 62. Ra8 Kf6 63. Rf8+ Ke7 64. Ra8 Kf6 65. Kf3 Re5
1/2-1/2

[Event "4NCL Division 1 & 2"]
[Site "Daventry, ENG"]
[Date "2022.04.30"]
[Round "7.17"]
[White "Steil-Antoni, Fiona"]
[Black "McDonald, Neil"]
[Result "0-1"]
[WhiteElo "2189"]
[BlackElo "2411"]
[PlyCount "90"]
[EventDate "2022.04.30"]
[WhiteTeam "Cheddleton"]
[BlackTeam "Wood Green"]

1. e4 d5 2. exd5 Qxd5 3. Nc3 Qd8 4. d4 Nf6 5. Nf3 Bg4 6. h3 Bxf3 7. Qxf3 c6 8.
Be3 e6 9. Bd3 Nbd7 10. O-O-O Bb4 11. Ne2 Be7 12. Kb1 Qa5 13. g4 Nd5 14. Bd2 Qa4
15. c4 Nb4 16. Nc3 Qa6 17. Be2 c5 18. a3 Nc6 19. Nb5 Qb6 20. Bf4 O-O 21. dxc5
Nxc5 22. Bc7 Qa6 23. Bd6 Rad8 24. Bxc5 Bxc5 25. Qe4 Bxf2 26. Bd3 g6 27. h4 Qb6
28. Rh3 a6 29. Nc3 Bd4 30. Bc2 Bg7 31. h5 Rxd1+ 32. Nxd1 Rd8 33. Rb3 Qg1 34.
Rxb7 Na5 35. Rb4 Bf8 36. c5 Bxc5 37. Ra4 Rxd1+ 38. Bxd1 Qxd1+ 39. Ka2 Qb3+ 40.
Kb1 Qb5 41. Qc2 Nb3 42. Rf4 e5 43. Rf6 e4 44. Ka2 e3 45. Qe4 Bd4 0-1

[Event "4NCL Division 1 & 2"]
[Site "Daventry, ENG"]
[Date "2022.04.30"]
[Round "7.18"]
[White "Willow, Jonah B"]
[Black "Pert, Max"]
[Result "1-0"]
[WhiteElo "2411"]
[BlackElo "1893"]
[PlyCount "81"]
[EventDate "2022.04.30"]
[WhiteTeam "Wood Green"]
[BlackTeam "Cheddleton"]

1. e4 c6 2. d4 d5 3. e5 c5 4. dxc5 e6 5. Be3 Nd7 6. Bb5 Ne7 7. f4 Nc6 8. Bxc6
bxc6 9. b4 a5 10. c3 Be7 11. Nf3 Ba6 12. a3 O-O 13. Nbd2 Qc7 14. Kf2 f6 15. Nd4
Bxc5 16. bxc5 Nxc5 17. N4f3 Nd3+ 18. Kg1 fxe5 19. fxe5 Nxe5 20. Nxe5 Qxe5 21.
Bd4 Qf4 22. Qe1 Rf7 23. Nf3 Re8 24. Qe5 Qg4 25. h3 Qg6 26. Kh2 Bd3 27. Qg3
Qxg3+ 28. Kxg3 Bb5 29. a4 Ba6 30. Ne5 Rc7 31. Bc5 Rec8 32. Rab1 g5 33. Rb6 Be2
34. Rhb1 h5 35. Rb8 Kg7 36. Rxc8 Rxc8 37. Rb7+ Kg8 38. h4 g4 39. Kf4 Bd1 40.
Kg5 g3 41. Kf6 1-0

[Event "4NCL Division 1 & 2"]
[Site "Daventry, ENG"]
[Date "2022.04.30"]
[Round "7.22"]
[White "Roberson, Peter T"]
[Black "Parligras, Mircea-Emilian"]
[Result "1-0"]
[WhiteElo "2430"]
[BlackElo "2583"]
[PlyCount "43"]
[EventDate "2022.04.30"]
[WhiteTeam "The Sharks 1"]
[BlackTeam "Chess.com Manx Liberty"]

1. e4 c5 2. Nf3 d6 3. d4 cxd4 4. Nxd4 Nf6 5. Nc3 a6 6. Bc4 e6 7. Be3 b5 8. Bb3
Bb7 9. Qe2 Nbd7 10. O-O-O Rc8 11. f3 Qa5 12. a3 Rxc3 13. Qe1 b4 14. bxc3 bxc3
15. Kb1 d5 16. exd5 Nxd5 17. Bc1 Be7 18. Nxe6 fxe6 19. Qxe6 Qb6 20. Rhe1 Nc5
21. Qxb6 Nxb6 22. Rxe7+ 1-0

[Event "4NCL Division 1 & 2"]
[Site "Daventry, ENG"]
[Date "2022.04.30"]
[Round "7.23"]
[White "Lupulescu, Constantin"]
[Black "Dong, Bao Nghia"]
[Result "1-0"]
[WhiteElo "2623"]
[BlackElo "2339"]
[PlyCount "81"]
[EventDate "2022.04.30"]
[WhiteTeam "Chess.com Manx Liberty"]
[BlackTeam "The Sharks 1"]

1. e4 e6 2. d4 d5 3. e5 c5 4. c3 Nc6 5. Nf3 Qb6 6. Be2 Bd7 7. O-O Nh6 8. Bxh6
gxh6 9. Qd2 Rc8 10. Na3 cxd4 11. cxd4 Qb4 12. Qe3 Ne7 13. Bd3 Bg7 14. Qe2 a6
15. Nc2 Qb6 16. Rad1 Ng6 17. g3 Bb5 18. Ne3 Bxd3 19. Rxd3 Rc6 20. h4 Rg8 21. h5
Ne7 22. Rb3 Qc7 23. Qd3 f5 24. exf6 Bxf6 25. Qxh7 Rg7 26. Qd3 Nc8 27. Re1 Rc1
28. Rc3 Rxe1+ 29. Nxe1 Qb8 30. Nf3 Nd6 31. Rc2 Ne4 32. Ng2 Be7 33. Qe3 Bg5 34.
Nxg5 Rxg5 35. Nf4 Kd7 36. Kf1 Rf5 37. Kg2 Qg8 38. Ng6 Rxh5 39. Ne5+ Ke7 40.
Rc7+ Kf6 41. Qf4+ 1-0

[Event "4NCL Division 1 & 2"]
[Site "Daventry, ENG"]
[Date "2022.04.30"]
[Round "7.24"]
[White "Rendle, Thomas E"]
[Black "Csonka, Balazs"]
[Result "1/2-1/2"]
[WhiteElo "2374"]
[BlackElo "2496"]
[PlyCount "22"]
[EventDate "2022.04.30"]
[WhiteTeam "The Sharks 1"]
[BlackTeam "Chess.com Manx Liberty"]

1. d4 d5 2. c4 c6 3. cxd5 cxd5 4. Nc3 Nf6 5. Bf4 Nc6 6. e3 a6 7. Be2 Bf5 8. Nf3
e6 9. Qb3 Bd6 10. Bxd6 Qxd6 11. Qxb7 O-O 1/2-1/2

[Event "4NCL Division 1 & 2"]
[Site "Daventry, ENG"]
[Date "2022.04.30"]
[Round "7.25"]
[White "Cyborowski, Lukasz"]
[Black "Makkar, Rajat"]
[Result "1/2-1/2"]
[WhiteElo "2485"]
[BlackElo "2348"]
[PlyCount "97"]
[EventDate "2022.04.30"]
[WhiteTeam "Chess.com Manx Liberty"]
[BlackTeam "The Sharks 1"]

1. Nf3 d5 2. d4 Nf6 3. c4 c6 4. e3 Bf5 5. Bd3 Bxd3 6. Qxd3 e6 7. Nc3 Nbd7 8.
O-O Bb4 9. Bd2 Ba5 10. Rab1 Bc7 11. Rbd1 dxc4 12. Qxc4 e5 13. dxe5 Nxe5 14.
Nxe5 Bxe5 15. f4 Bc7 16. Ne4 Nxe4 17. Qxe4+ Qe7 18. Qxe7+ Kxe7 19. Bb4+ Ke8 20.
Rd4 f5 21. Rfd1 Rd8 22. Kf2 Rxd4 23. Rxd4 a5 24. Bc5 h5 25. Rd3 Rh6 26. a4 b6
27. Bd4 Rg6 28. Kf3 Kf8 29. g3 Kf7 30. Bc3 Rd6 31. Rxd6 Bxd6 32. e4 g6 33. h3
Ke6 34. g4 hxg4+ 35. hxg4 Bc7 36. exf5+ gxf5 37. g5 Kf7 38. Be5 Bd8 39. b3 Be7
40. Bc7 Bc5 41. Ke2 Kg6 42. Kd3 Kh5 43. Be5 Be7 44. Bc7 Bc5 45. Bb8 Kg6 46. Ba7
Kh5 47. Bb8 Kg6 48. Bc7 Be3 49. Kc4 1/2-1/2

[Event "4NCL Division 1 & 2"]
[Site "Daventry, ENG"]
[Date "2022.04.30"]
[Round "7.26"]
[White "Holland, James P"]
[Black "Turner, Matthew J"]
[Result "1/2-1/2"]
[WhiteElo "2387"]
[BlackElo "2476"]
[PlyCount "30"]
[EventDate "2022.04.30"]
[WhiteTeam "The Sharks 1"]
[BlackTeam "Chess.com Manx Liberty"]

1. e4 e5 2. Nf3 Nc6 3. Bb5 a6 4. Ba4 Nf6 5. Qe2 Bd6 6. c3 O-O 7. d3 Re8 8. Nbd2
Bf8 9. Nf1 d6 10. Bg5 h6 11. Bxf6 Qxf6 12. Ne3 Bd7 13. Bb3 Ne7 14. g3 Be6 15.
Nh4 a5 1/2-1/2

[Event "4NCL Division 1 & 2"]
[Site "Daventry, ENG"]
[Date "2022.04.30"]
[Round "7.27"]
[White "Kolbus, Dietmar"]
[Black "Lentzos, Ioanis"]
[Result "1/2-1/2"]
[WhiteElo "2312"]
[BlackElo "2152"]
[PlyCount "54"]
[EventDate "2022.04.30"]
[WhiteTeam "Chess.com Manx Liberty"]
[BlackTeam "The Sharks 1"]

1. c4 c6 2. Nf3 d5 3. e3 Nf6 4. b3 e6 5. Bb2 Bd6 6. Be2 O-O 7. O-O b6 8. d4
Nbd7 9. Nc3 Bb7 10. cxd5 exd5 11. Qc2 Qe7 12. Bd3 Rfe8 13. Bf5 g6 14. Bh3 Ne4
15. g3 f5 16. Rfe1 Rf8 17. Nd2 h5 18. f3 Nxg3 19. hxg3 Bxg3 20. Re2 Ba6 21. Nf1
Qh4 22. Kg2 Bd6 23. Qb1 Qg5+ 24. Kh1 Qh4 25. Kg2 Qg5+ 26. Kh1 Qh4 27. Kg2 Qg5+
1/2-1/2

[Event "4NCL Division 1 & 2"]
[Site "Daventry, ENG"]
[Date "2022.04.30"]
[Round "7.28"]
[White "Dilley, Jason M"]
[Black "Terbe, Julianna"]
[Result "1/2-1/2"]
[WhiteElo "2224"]
[BlackElo "2294"]
[PlyCount "61"]
[EventDate "2022.04.30"]
[WhiteTeam "The Sharks 1"]
[BlackTeam "Chess.com Manx Liberty"]

1. d4 d5 2. Bg5 Nf6 3. Bxf6 gxf6 4. e3 c5 5. Nf3 Nc6 6. c3 Qb6 7. Qb3 e6 8.
Nbd2 Bd7 9. Be2 Rg8 10. g3 Qc7 11. e4 cxd4 12. exd5 Na5 13. Qc2 dxc3 14. Ne4
O-O-O 15. O-O Rg6 16. dxe6 fxe6 17. Qxc3 Qxc3 18. Nxc3 Be7 19. Rfd1 Nc6 20.
Rac1 a6 21. Ne4 Be8 22. Rxd8+ Kxd8 23. Nc5 Bxc5 24. Rxc5 e5 25. Kf1 Kc7 26. a3
Kd6 27. Rc4 Rg7 28. Ke1 Bg6 29. Nh4 Nd4 30. Nf3 Nc6 31. Nh4 1/2-1/2

[Event "4NCL Division 1 & 2"]
[Site "Daventry, ENG"]
[Date "2022.04.30"]
[Round "7.31"]
[White "Hebden, Mark L"]
[Black "Gourlay, Iain"]
[Result "1/2-1/2"]
[WhiteElo "2448"]
[BlackElo "2318"]
[PlyCount "90"]
[EventDate "2022.04.30"]
[WhiteTeam "Guildford Young Guns"]
[BlackTeam "Alba"]

1. d4 d5 2. c4 e6 3. Nc3 Nf6 4. cxd5 exd5 5. Bg5 c6 6. e3 h6 7. Bh4 Be7 8. Bd3
Nbd7 9. Bg3 O-O 10. Nf3 Re8 11. O-O Nh5 12. Be5 Nhf6 13. Qc2 Nxe5 14. Nxe5 Ng4
15. Bh7+ Kf8 16. Nxg4 Bxg4 17. Bf5 Bxf5 18. Qxf5 Kg8 19. Rab1 a5 20. Rfc1 Bd6
21. Na4 Qe7 22. Nc5 Bxc5 23. Rxc5 Qe4 24. Qxe4 Rxe4 25. a4 Kf8 26. g3 Re7 27.
Kf1 Ke8 28. Ke2 Kd7 29. g4 Kd6 30. Rbc1 Rc7 31. f3 Re7 32. Kd2 Rae8 33. R1c3 h5
34. g5 f6 35. gxf6 gxf6 36. Rxa5 Rg8 37. Rb3 Rg2+ 38. Kd3 Rf2 39. Ra7 Rxf3 40.
Rbxb7 Rexe3+ 41. Kc2 Re2+ 42. Kb1 Rd2 43. Rb4 Rf4 44. Rf7 Rfxd4 45. Rxd4 Ke5
1/2-1/2

[Event "4NCL Division 1 & 2"]
[Site "Daventry, ENG"]
[Date "2022.04.30"]
[Round "7.32"]
[White "Olson, Hamish"]
[Black "Suarez Real, Alberto"]
[Result "1-0"]
[WhiteElo "2300"]
[BlackElo "2446"]
[PlyCount "79"]
[EventDate "2022.04.30"]
[WhiteTeam "Alba"]
[BlackTeam "Guildford Young Guns"]

1. d4 Nf6 2. Nf3 g6 3. g3 Bg7 4. Bg2 O-O 5. O-O d6 6. Re1 Nc6 7. e4 e5 8. dxe5
dxe5 9. Qxd8 Rxd8 10. c3 Ne8 11. Bf1 Nd6 12. Na3 f6 13. Nb5 Bg4 14. Kg2 Nxb5
15. Bxb5 Be6 16. Be3 Na5 17. Nd2 a6 18. Be2 b6 19. b4 Nb7 20. a4 Bf8 21. Reb1
Kf7 22. f3 a5 23. Kf2 Bd7 24. Bd1 Ke8 25. Bc2 Ra6 26. b5 Raa8 27. f4 Bc5 28.
fxe5 Bxb5 29. Rd1 Bd3 30. Bb3 fxe5 31. Bd5 Rab8 32. Nf3 Ba6 33. Nxe5 Rd6 34. c4
Rbd8 35. Ke2 Bxe3 36. Kxe3 Rf6 37. Nc6 Rc8 38. e5 Rf8 39. Be6 Ra8 40. Rd7 1-0

[Event "4NCL Division 1 & 2"]
[Site "Daventry, ENG"]
[Date "2022.04.30"]
[Round "7.33"]
[White "Kilpatrick, Callum"]
[Black "McKay, Roderick M"]
[Result "1-0"]
[WhiteElo "2416"]
[BlackElo "2217"]
[PlyCount "81"]
[EventDate "2022.04.30"]
[WhiteTeam "Guildford Young Guns"]
[BlackTeam "Alba"]

1. e4 d6 2. d4 Nf6 3. Nc3 e5 4. Nf3 Nbd7 5. Bc4 Be7 6. O-O h6 7. Re1 c6 8. a4
Qc7 9. b3 Nf8 10. Bb2 Ng6 11. h3 O-O 12. Bf1 Bd7 13. g3 Rfd8 14. Qd3 Be8 15.
Bg2 Rac8 16. Nd1 Bf8 17. Ne3 Qb8 18. Nf5 c5 19. dxc5 d5 20. exd5 Rxd5 21. Qe2
e4 22. N3d4 Bxc5 23. c4 Re5 24. Ne3 Bd7 25. Ndc2 Rce8 26. b4 Bxe3 27. Nxe3 Qc8
28. h4 a5 29. b5 Bh3 30. Bh1 Nd7 31. h5 Ngf8 32. Bxe5 Rxe5 33. Rad1 Nc5 34. Rd5
Qe6 35. Rxe5 Qxe5 36. Nd5 f5 37. Nf4 Bg4 38. f3 Qc3 39. Qe3 Nd3 40. Nxd3 exd3
41. fxg4 1-0

[Event "4NCL Division 1 & 2"]
[Site "Daventry, ENG"]
[Date "2022.04.30"]
[Round "7.34"]
[White "Morrison, Graham"]
[Black "Grieve, Harry"]
[Result "0-1"]
[WhiteElo "2227"]
[BlackElo "2387"]
[PlyCount "107"]
[EventDate "2022.04.30"]
[WhiteTeam "Alba"]
[BlackTeam "Guildford Young Guns"]

1. d4 e6 2. c4 f5 3. g3 Nf6 4. Bg2 d5 5. Nf3 Be7 6. O-O Ne4 7. Nfd2 O-O 8. Nxe4
fxe4 9. Nc3 c6 10. Qb3 Kh8 11. Be3 b6 12. f3 exf3 13. Bxf3 Ba6 14. cxd5 exd5
15. Rad1 Nd7 16. Rf2 Bd6 17. Qa4 Bb7 18. Qc2 Qc7 19. Bc1 Nf6 20. Rdf1 Ba6 21.
Qa4 Qb7 22. Bf4 Bxf4 23. gxf4 Rae8 24. Qc2 Qe7 25. Qd2 Bc8 26. Re1 Bg4 27. Bg2
Qf7 28. h3 Bf5 29. e3 Re6 30. Rf3 Rfe8 31. Kh2 Qh5 32. Kg1 h6 33. Rg3 R8e7 34.
Qe2 Qe8 35. Qd2 Qh5 36. Qe2 Qh4 37. Qf2 Nh5 38. Rf3 Qxf2+ 39. Kxf2 Be4 40. Nxe4
dxe4 41. Rg3 Nxg3 42. Kxg3 Rg6+ 43. Kf2 Rf6 44. Ke2 Rf5 45. Rc1 c5 46. Rc4 g5
47. dxc5 Rxc5 48. Rxe4 Rc2+ 49. Kd3 Rxe4 50. Bxe4 Rxb2 51. Bd5 gxf4 52. exf4
Kg7 53. Ke4 Rh2 54. Kd4 0-1

[Event "4NCL Division 1 & 2"]
[Site "Daventry, ENG"]
[Date "2022.04.30"]
[Round "7.35"]
[White "Davies, Nigel R"]
[Black "Berry, Neil"]
[Result "0-1"]
[WhiteElo "2462"]
[BlackElo "2260"]
[PlyCount "88"]
[EventDate "2022.04.30"]
[WhiteTeam "Guildford Young Guns"]
[BlackTeam "Alba"]

1. Nf3 d5 2. g3 Nf6 3. Bg2 e6 4. O-O Be7 5. d3 O-O 6. Nbd2 Nc6 7. c3 e5 8. Qc2
a5 9. e4 dxe4 10. dxe4 Be6 11. Ng5 Bd7 12. Nc4 Bc5 13. h3 h6 14. Nf3 Qe7 15.
Nh4 Rfd8 16. Nf5 Qf8 17. Kh2 Be6 18. Qe2 Rd7 19. Nce3 Rad8 20. f4 exf4 21. gxf4
g6 22. Ng3 h5 23. e5 h4 24. Ne4 Nxe4 25. Bxe4 Qg7 26. Ng2 Ne7 27. b4 axb4 28.
cxb4 Bd4 29. Rb1 Nf5 30. Bxf5 Bxf5 31. Rb3 Bb6 32. Qe1 Bd3 33. Rf3 Bc4 34. Rbc3
Rd1 35. Qxh4 Bg1+ 36. Kg3 Be2 37. Rxc7 Bxf3 38. Kxf3 Rf1+ 39. Ke2 Rf2+ 40. Ke1
Qf8 41. f5 Rxg2 42. Kf1 Rxa2 43. Qg4 Bb6 44. Rxb7 Qxb4 0-1

[Event "4NCL Division 1 & 2"]
[Site "Daventry, ENG"]
[Date "2022.04.30"]
[Round "7.36"]
[White "White, Stuart A"]
[Black "Golding, Alex"]
[Result "0-1"]
[WhiteElo "2038"]
[BlackElo "2305"]
[PlyCount "100"]
[EventDate "2022.04.30"]
[WhiteTeam "Alba"]
[BlackTeam "Guildford Young Guns"]

1. d4 Nf6 2. c4 e6 3. Nf3 d5 4. Nc3 a6 5. cxd5 exd5 6. Bg5 h6 7. Bxf6 gxf6 8.
e3 c6 9. Bd3 f5 10. g3 Qf6 11. Nh4 f4 12. Qf3 Be7 13. Qxf4 Qxf4 14. exf4 Bxh4
15. gxh4 Nd7 16. Kd2 Ke7 17. Ne2 c5 18. Rhg1 c4 19. Bc2 Nf6 20. f5 b5 21. f3
Bd7 22. Nf4 Rhg8 23. Rg3 a5 24. Rag1 Bc6 25. Nh3 b4 26. Nf2 Rgc8 27. Ng4 c3+
28. bxc3 bxc3+ 29. Kc1 Nh5 30. Re1+ Kf8 31. Rgg1 Re8 32. Nxh6 Rxe1+ 33. Rxe1
Nf4 34. Ng4 Bb5 35. Re5 Rb8 36. Nf6 Rd8 37. Kd1 Rd6 38. Ng4 f6 39. Re3 Rc6 40.
a4 Ba6 41. h5 Nxh5 42. Bb3 Nf4 43. Kc2 Ne2 44. Bxd5 Nxd4+ 45. Kc1 Rd6 46. Be4
Ne2+ 47. Kc2 Rd2+ 48. Kb1 Rd1+ 49. Kc2 Rc1+ 50. Kb3 Nd4+ 0-1

[Event "4NCL Division 1 & 2"]
[Site "Daventry, ENG"]
[Date "2022.04.30"]
[Round "7.37"]
[White "Stoyanov, Viktor"]
[Black "Cooke, Suzie G."]
[Result "1-0"]
[WhiteElo "2318"]
[BlackElo "1924"]
[PlyCount "73"]
[EventDate "2022.04.30"]
[WhiteTeam "Guildford Young Guns"]
[BlackTeam "Alba"]

1. Nf3 d5 2. c4 e6 3. g3 Nf6 4. Bg2 c5 5. O-O Nc6 6. d4 Be7 7. dxc5 Bxc5 8. a3
a5 9. cxd5 exd5 10. Bg5 Be6 11. Qc2 Be7 12. Nc3 h6 13. Bf4 O-O 14. Rfd1 Qb6 15.
Be3 Qa6 16. h3 a4 17. Qd3 Qxd3 18. Rxd3 Na5 19. Rf1 Nc4 20. Bc1 Bc5 21. Nd4
Rfd8 22. Kh2 Ra6 23. f4 Bc8 24. g4 Ne4 25. Ndb5 Nxc3 26. Nxc3 d4 27. e3 Rd7 28.
Ne4 Ba7 29. exd4 Rxd4 30. Rxd4 Bxd4 31. Rd1 Bb6 32. Bf1 Be6 33. f5 Bc7+ 34. Kh1
b5 35. fxe6 Rxe6 36. Nc3 Rf6 37. Nxb5 1-0

[Event "4NCL Division 1 & 2"]
[Site "Daventry, ENG"]
[Date "2022.04.30"]
[Round "7.41"]
[White "Wall, Tim P"]
[Black "Jackson, James P"]
[Result "0-1"]
[WhiteElo "2291"]
[BlackElo "2400"]
[PlyCount "68"]
[EventDate "2022.04.30"]
[WhiteTeam "Chessable White Rose 2"]
[BlackTeam "Barbican 4NCL"]

1. d4 Nf6 2. Nc3 d5 3. Bf4 a6 4. e3 c5 5. dxc5 Nc6 6. a3 e5 7. Bg5 Be6 8. b4
Be7 9. Nf3 O-O 10. Be2 Qc7 11. Bxf6 Bxf6 12. e4 dxe4 13. Nxe4 Be7 14. O-O Rad8
15. Qe1 h6 16. Qc3 f5 17. Nd6 e4 18. Bc4 Bxc4 19. Qxc4+ Kh7 20. Nd2 b5 21. Qa2
Bxd6 22. cxd6 Rxd6 23. Nb3 Ne5 24. Nc5 Rg6 25. Kh1 Rff6 26. f4 Nc4 27. Rae1 Rd6
28. Re2 Rd5 29. g3 Rgd6 30. Qa1 Qf7 31. a4 Nd2 32. Rfe1 Nf3 33. Rf1 Rd2 34.
Ref2 Qh5 0-1

[Event "4NCL Division 1 & 2"]
[Site "Daventry, ENG"]
[Date "2022.04.30"]
[Round "7.42"]
[White "D'Costa, Lorin"]
[Black "Townsend, M Paul"]
[Result "1/2-1/2"]
[WhiteElo "2377"]
[BlackElo "2229"]
[PlyCount "96"]
[EventDate "2022.04.30"]
[WhiteTeam "Barbican 4NCL"]
[BlackTeam "Chessable White Rose 2"]

1. Nf3 Nf6 2. c4 e6 3. g3 d5 4. Bg2 Be7 5. O-O O-O 6. b3 c5 7. Bb2 Nc6 8. e3 d4
9. exd4 cxd4 10. Re1 Re8 11. Ne5 Nxe5 12. Rxe5 Bf8 13. d3 Nd7 14. Re1 e5 15.
Ba3 Qc7 16. Bxf8 Nxf8 17. Na3 Bd7 18. Nb5 Qb8 19. Qd2 Bc6 20. Re2 Nd7 21. Rae1
Bxg2 22. Kxg2 Re6 23. f4 a6 24. Na3 Qd6 25. Nc2 Rae8 26. fxe5 Nxe5 27. Re4 Nc6
28. Rxe6 Rxe6 29. Rxe6 Qxe6 30. Qf2 Qe5 31. Qf3 Kf8 32. b4 Ke8 33. Kf2 f6 34.
a3 h5 35. a4 a5 36. b5 Nb4 37. Ne1 b6 38. Qa8+ Kf7 39. Qf3 h4 40. Kf1 g5 41.
gxh4 gxh4 42. Ng2 Qxh2 43. Nf4 Nc2 44. Qb7+ Kg8 45. Qc8+ Kg7 46. Qg4+ Kf8 47.
Qc8+ Kg7 48. Qg4+ Kf8 1/2-1/2

[Event "4NCL Division 1 & 2"]
[Site "Daventry, ENG"]
[Date "2022.04.30"]
[Round "7.43"]
[White "Sucikova, Svetlana"]
[Black "Griffiths, Ryan Rhys"]
[Result "1/2-1/2"]
[WhiteElo "2209"]
[BlackElo "2351"]
[PlyCount "101"]
[EventDate "2022.04.30"]
[WhiteTeam "Chessable White Rose 2"]
[BlackTeam "Barbican 4NCL"]

1. d4 Nf6 2. c4 e6 3. Nf3 b6 4. g3 Ba6 5. b3 Bb4+ 6. Bd2 Be7 7. Bg2 d5 8. O-O
O-O 9. Bc3 Nbd7 10. Nbd2 c5 11. Bb2 Rc8 12. Rc1 Bb7 13. Re1 Rc7 14. Ne5 cxd4
15. Bxd4 Bb4 16. cxd5 Nxd5 17. Nd3 Ba3 18. Rxc7 Qxc7 19. e4 Nb4 20. Nc4 Nxd3
21. Qxd3 Bb4 22. Rd1 b5 23. Ne3 Bc6 24. Bxg7 Ne5 25. Bxe5 Qxe5 26. Ng4 Qg7 27.
e5 Qxg4 28. Bxc6 Be7 29. Bf3 Qb4 30. Qe3 Rd8 31. Rxd8+ Bxd8 32. Qxa7 Qe1+ 33.
Kg2 Qxe5 34. Qa8 Qd4 35. a4 bxa4 36. bxa4 Kg7 37. Qe4 Qxe4 38. Bxe4 f5 39. Bc2
Kf6 40. f4 e5 41. Kf3 Bb6 42. g4 fxg4+ 43. Kxg4 exf4 44. Bxh7 Bc7 45. h4 Kg7
46. Bd3 Kh6 47. Be4 Bd8 48. Kxf4 Bxh4 49. a5 Bd8 50. a6 Bb6 51. Ke5 1/2-1/2

[Event "4NCL Division 1 & 2"]
[Site "Daventry, ENG"]
[Date "2022.04.30"]
[Round "7.44"]
[White "Taylor, Martin R"]
[Black "Weller, Jean-Luc"]
[Result "1-0"]
[WhiteElo "2338"]
[BlackElo "2240"]
[PlyCount "63"]
[EventDate "2022.04.30"]
[WhiteTeam "Barbican 4NCL"]
[BlackTeam "Chessable White Rose 2"]

1. d4 Nf6 2. c4 e6 3. Nc3 Bb4 4. Qc2 O-O 5. a3 Bxc3+ 6. Qxc3 b6 7. Bg5 Bb7 8.
e3 d6 9. Ne2 Nbd7 10. Qd3 c5 11. Nc3 Qe7 12. Rd1 Rfd8 13. d5 h6 14. Bh4 Ne5 15.
Qc2 Ng6 16. Bxf6 Qxf6 17. Be2 Ne7 18. O-O Qe5 19. Bf3 f5 20. Qe2 Ng6 21. dxe6
Bxf3 22. Qxf3 Qxe6 23. b3 Ne5 24. Qd5 Kf7 25. Nb5 Qxd5 26. Rxd5 a6 27. Nxd6+
Ke6 28. Rfd1 Rf8 29. f4 Ng6 30. g4 Nh4 31. Nxf5 Nxf5 32. Re5+ 1-0

[Event "4NCL Division 1 & 2"]
[Site "Daventry, ENG"]
[Date "2022.04.30"]
[Round "7.45"]
[White "Walton, Alan J"]
[Black "Franklin, Samuel G A"]
[Result "0-1"]
[WhiteElo "2101"]
[BlackElo "2328"]
[PlyCount "52"]
[EventDate "2022.04.30"]
[WhiteTeam "Chessable White Rose 2"]
[BlackTeam "Barbican 4NCL"]

1. d4 Nf6 2. Bg5 e6 3. e4 c5 4. d5 d6 5. Nc3 Be7 6. Bb5+ Bd7 7. dxe6 fxe6 8. e5
dxe5 9. Bxf6 Bxf6 10. Qh5+ g6 11. Qg4 Qe7 12. Bxd7+ Nxd7 13. O-O-O O-O 14. Nf3
Bg7 15. Ne4 Nb6 16. Qg5 Qc7 17. Qe3 Rac8 18. Nfg5 Bh6 19. Qh3 Bxg5+ 20. Nxg5
Rf5 21. Ne4 Nd5 22. g3 c4 23. Rhe1 c3 24. b3 Qe7 25. Rd3 Qa3+ 26. Kd1 Qxa2 0-1